• 首页
  • 本馆介绍
  • 公告通知
  • 最新文献
  • 馆藏检索
  • 电子资源
  • 读者导购
  • 参考咨询
  • 我的图书馆
  • 登录
  • 详细信息显示
  • 放入我的书架
  • 预约/预借图书
  • 作者相关作品
  • 分类相关作品
  • 丛书相关作品
  • 出版社相关作品

书目信息

  • 表格格式
  • 工作单格式
  • 卡片格式
题名:
列子全鉴
    
 
作者: 列子 著 ;孙红颖 解译
分册:  
出版信息: 北京   中国纺织出版社  2015
页数: 312页
开本: 24cm
丛书名:
单 册:
中图分类: B223.2
科图分类:
主题词: 道家
电子资源:
ISBN: 978-7-5180-1061-5
000 01060nam0 2200289 450
001 012001003786
005 20140926114739.0
010    @a978-7-5180-1061-5@dCNY38.00
100    @a20150310d2015 em y0chiy50 ea
101 0  @achi
102    @aCN@b110000
105    @aa z 000yy
106    @ar
200 1  @a列子全鉴@9lie zi quan jian@f(战国)列子著@g孙红颖解译
210    @a北京@c中国纺织出版社@d2015
215    @a312页@c图@d24cm
300    @a典藏版
330    @a《列子》又名《冲虚经》或《冲虚真经》,是道家乃至我国古代思想史和文化史上著名的典籍。全书共八篇,由一百四十篇哲理散文、寓言故事、神话故事、历史故事组成。书中蕴含独特的唯物自然观和辩证的运动发展观,把我国古代的唯物主义学说和辩证法思想推向一个崭新的阶段,具有很高的理论价值,对当代社会也具有宝贵的借鉴意义。
605    @a《列子》@x注释
605    @a《列子》@x译文
605    @a《列子》
606 0  @a道家
690    @aB223.2@v5
701  0 @c(战国)@a列子@9lie zi@4著
702  0 @a孙红颖@9sun hong ying@4解译
801  0 @aCN@b上海新华@c20180901
905    @b1154843-7@dB223.2@e844@f5
    
    列子全鉴/(战国)列子著/孙红颖解译.-北京:中国纺织出版社,2015
    312页:图;24cm
    典藏版
    
    ISBN 978-7-5180-1061-5:CNY38.00
    《列子》又名《冲虚经》或《冲虚真经》,是道家乃至我国古代思想史和文化史上著名的典籍。全书共八篇,由一百四十篇哲理散文、寓言故事、神话故事、历史故事组成。书中蕴含独特的唯物自然观和辩证的运动发展观,把我国古代的唯物主义学说和辩证法思想推向一个崭新的阶段,具有很高的理论价值,对当代社会也具有宝贵的借鉴意义。
●
相关链接 在E读中查询图书 在五车中查询图书 在当当中查询图书 在豆瓣中查询图书


正题名:列子全鉴     索取号:B223.2/844         预约/预借

序号 登录号 条形码 馆藏地/架位号 状态 备注
1 1154843   211548431   第一样本阅览室/ [索取号:B223.2/844] 在馆    
2 1154844   211548440   第一借阅区/ [索取号:B223.2/844] 在馆    
3 1154845   211548459   第一借阅区/ [索取号:B223.2/844] 在馆    
4 1154846   211548468   第一借阅区/ [索取号:B223.2/844] 在馆    
5 1154847   211548477   第一借阅区/ [索取号:B223.2/844] 在馆    
唐山师范学院图书馆 欢迎您!
大连网信软件有限公司© 版权所有